History Quiz

Random History Quiz
Score 0/20 Timer 08:00
0 Plays Today
% Correct
Ludwig van Beethoven
74.8%
Thomas Edison
67.2%
William 'Dummy' Hoy
67%
Alexander Graham Bell
65.2%
Helen Keller
59.5%
Heather Whitestone
55.4%
Marlee Matlin
53.8%
Matt Hamill
52.6%
Edward Miner Gallaudet
50.2%
Abbé Charles-Michel de l'Épée
49.6%
% Correct
Thomas Hopkins Gallaudet
45.3%
Deanne Bray
43.8%
Signmark
43.1%
Jim Kyte
38.4%
Alice Cogswell
38.1%
Laurent Clerc
37.3%
Douglas Tilden
36.9%
Erastus 'Deaf' Smith
36.5%
Christy Smith
34.7%
Samuel Greene
29.7%
Remove Ads.
Support Sporcle.
Get the best of Sporcle when you Go Orange. This ad-free experience offers more features, more stats, and more fun while also helping to support Sporcle. Thank you for becoming a member.

You're not logged in!

Compare scores with friends on all Sporcle quizzes.
OR
Log In

Show Comments

Extras

Created Sep 14, 2013ReportNominate
Tags:deaf

Top Quizzes Today


Score Distribution

Your Account Isn't Verified!

In order to create a playlist on Sporcle, you need to verify the email address you used during registration. Go to your Sporcle Settings to finish the process.

Report this User

Report this user for behavior that violates our Community Guidelines.

Details: